000 01099nam a2200241 i 4500
001 86208
003 ES-MaACL
005 20230906175410.0
007 t|
008 041209m19381940sp ||||1| spa d
100 1 _aKester, Roy B.
_967956
245 1 0 _aContabilidad
_b: teoría y práctica /
_cRoy B. Kester ; traducido y adptadop de la 3ª ed. norteamericana.
260 _aBarcelona :
_b[s.n.,
_c1938-1940] (
_fTall. Graf. Ibero-Americanos)
300 _a4 v. ;
_c23 cm.
505 8 _aContiene: V.I.: Principios de contabilidad / traducido por Angel Andany Sanz. -- V.II: Contabilidad superior / traducido por Orlando López-Hidalgo. -- V.III: Contabilidad aplicada / traducido por José Mª Andany Sanz. -- V.IV: Soluciones de los ejercicios prácticos / traducidos por Angel Andany Sanz
700 1 _aAndany Sanz, Angel.
_921423
700 1 _aAndany Sanz, José María.
_921424
700 1 _aLópez-Hidalgo, Orlando.
_973699
740 0 _aPrincipios de contabilidad.
740 0 _aConatabilidad superior.
740 0 _aContabilidad aplicada.
852 _aES-MaACL
_jF-15142-45
_bR.18831
999 _c86208
_d86208